01006nam a22002897a 45000010005000000030006000050050017000110080041000280200018000690400029000870500009001160820010001251000022001352450094001572500045002512600038002963000049003344900031003835050008004145200139004225210029005615210020005906500027006106500025006376500024006627000030006868290FISKH20250908144331.0250908b cb ||||| |||| 00| 0 eng d a9780545033077 aFISKHbengcFISKHdFISKH aC597 a597.3 aClarke, Catriona  aSharks / cBy Catriona Clarke : Designed by Stephen Moncrieff : Illustrated by Adam Relf  aFirst Scholastic printing, November 2007 aNew York : bScholastic , c2007. a32 pages : bcolor illustrations ; c20 cm . aUsborne BeginnersvLevel 1 aH  aDescribes the physical characteristics of sharks, explaining how they find food, how they are born, and why they cannot stop swimming.8 a430 bLexile estimate 8 aH bRaz-Plus  aSea life vNon-fiction aSciece vNon-fiction aOcean vNon-fiction aRelf, Adam eIllustrator